Model theory and algebraic geometry : an introduction to E. Hrushovski's proof of the geometric Mordell-Lang conjecture

Αποθηκεύτηκε σε:
Λεπτομέρειες βιβλιογραφικής εγγραφής
Άλλοι συγγραφείς: Bouscaren, Elisabeth (Επιμελητής έκδοσης)
Μορφή: Βιβλίο
Γλώσσα:English
Δημοσίευση: Berlin ; Heidelberg : Springer, c1998
Σειρά:Lecture notes in mathematics (Springer-Verlag) ; 1696
Θέματα:
Ετικέτες: Προσθήκη ετικέτας
Δεν υπάρχουν, Καταχωρήστε ετικέτα πρώτοι!

MARC

LEADER 00000nam a2200000 i 4500
001 1/90900
008 991005s1998 eng d
020 |a 3540648631 
035 |l 10053323 
040 |a GR-MY-UA  |b gre  |e aacr 
041 0 |a eng 
082 0 |a 511.8 
245 1 0 |a Model theory and algebraic geometry :  |b an introduction to E. Hrushovski's proof of the geometric Mordell-Lang conjecture /  |c Elisabeth Bouscaren (ed.) 
260 |a Berlin ; Heidelberg :   |b Springer,   |c c1998 
300 |a xv, 211 p.;  |b ill.;  |c 24 cm. 
490 1 |a Lecture notes in mathematics (Springer-Verlag)  |v ; 1696 
500 |a Includes bibliographical references and index 
650 0 0 |a Model theory. 
650 0 0 |a Arithmetical algebraic geometry. 
650 0 0 |a Mordell conjecture. 
700 1 |a Bouscaren, Elisabeth.  |4 edt 
830 0 |a Lecture notes in mathematics (Springer-Verlag)  |v ; 1696 
852 |a INST  |b SAMOS  |e 19991005  |h 511.8 MOD  |p 005300016965  |q 005300016965  |t BK  |y 0 
901 |a BIBL3-1999-3 
909 |a Σ  |b 067387 
922 |a 3ΕΛΗ  |b 199909  |c ΕΠΕΑΕΚ/ΜΑΘ  |d ΠΑΠΑΣΩΤΗΡΙΟΥ 
970 |a ΓΕΝΟΥΖΟΥ  |b ΧΡΥΣΑΝΘΗ  |z 1999/10/05